| 000 | 00556nam a22001577a 4500 | ||
|---|---|---|---|
| 999 |
_c9566 _d9566 |
||
| 003 | GBCCL | ||
| 005 | 20241126110714.0 | ||
| 008 | 230316b ||||| |||| 00| 0 eng d | ||
| 040 | _cgbc | ||
| 082 |
_aARCH GBC-2022 _bKIM |
||
| 100 |
_aKim, Khawlmuan _916637 |
||
| 245 |
_aA comparative study on the concept of guilt offering in Leviticus 5:14-6 : 7 with the customary law and practice of the Paite community in regards to offenses and accidents / _bKhawlmuankim |
||
| 260 |
_aNew Lamka : _bGrace Bible College, _c2022 |
||
| 300 | _a45p. ; | ||
| 942 |
_2ddc _cTH |
||